000
00303nam a22001097a 4500
008
170105b xxu||||| |||| 00| 0 eng d
020
_a
0721618154
041
_a
eng
080
_2
4TH
_a
168.2
245
_a
ENCYCLOPEDIA AND DICTIONARY OF MEDICINE, NURSING AND ALLIED HEALTH
_c
MILLER & KEANE
942
_2
udc
_c
BK
999
_c
2588
_d
2588